<?xml version="1.0" encoding="UTF-8"?>
<record
    xmlns:xsi="http://www.w3.org/2001/XMLSchema-instance"
    xsi:schemaLocation="http://www.loc.gov/MARC21/slim http://www.loc.gov/standards/marcxml/schema/MARC21slim.xsd"
    xmlns="http://www.loc.gov/MARC21/slim">

  <leader>01823nam a2200277uu 4500</leader>
  <controlfield tag="001">1190760</controlfield>
  <controlfield tag="005">20260507135328.0</controlfield>
  <controlfield tag="007">cr|||||||</controlfield>
  <controlfield tag="008">100225e20100225                    spa  </controlfield>
  <datafield tag="035" ind1=" " ind2=" ">
    <subfield code="a">1190760</subfield>
  </datafield>
  <datafield tag="040" ind1=" " ind2=" ">
    <subfield code="c">comduadb</subfield>
  </datafield>
  <datafield tag="041" ind1=" " ind2=" ">
    <subfield code="a">spa</subfield>
  </datafield>
  <datafield tag="080" ind1=" " ind2=" ">
    <subfield code="a">PMC</subfield>
  </datafield>
  <datafield tag="100" ind1="1" ind2="0">
    <subfield code="a">Vel&#xE1;squez Bedoya, Juan Carlos</subfield>
    <subfield code="4">aut</subfield>
    <subfield code="e">aut</subfield>
    <subfield code="9">603344</subfield>
  </datafield>
  <datafield tag="245" ind1="1" ind2="0">
    <subfield code="a">Diagn&#xF3;stico y redise&#xF1;o de la red de aire comprimido servicios auxiliares C/M central hidroel&#xE9;ctrica de Guatap&#xE9; Empresas P&#xFA;blicas de Medell&#xED;n</subfield>
  </datafield>
  <datafield tag="260" ind1=" " ind2=" ">
    <subfield code="a">Medell&#xED;n :</subfield>
    <subfield code="b">[sin publicador],</subfield>
    <subfield code="c">2010.</subfield>
  </datafield>
  <datafield tag="300" ind1=" " ind2=" ">
    <subfield code="a">96 p&#xE1;ginas</subfield>
  </datafield>
  <datafield tag="520" ind1="3" ind2=" ">
    <subfield code="a">Este trabajo comienza con la b&#xFA;squeda y adquisici&#xF3;n de informaci&#xF3;n concerniente a las redes de aire comprimido de la planta y en particular de la Red de Servicios Auxiliares para su total compresi&#xF3;n y de esta manera centrar el an&#xE1;lisis a los elementos que la conforman. Obtenida esta informaci&#xF3;n, se procede a identificar los puntos d&#xE9;biles de estos elementos y su repercusi&#xF3;n en el sistema, dando como resultado un diagn&#xF3;stico de la Red de Servicios Auxiliares que fue de gran importancia para efectos de redise&#xF1;o. Posteriormente, se sugiere entonces, un redise&#xF1;o que adem&#xE1;s de cumplir con la normatividad establecida por este campo del aire comprimido, fue escogido por su viabilidad costo-eficiente, como es corroborado con el an&#xE1;lisis energ&#xE9;tico del sistema actualmente instalado y el sugerido el cual, adem&#xE1;s de proponer nuevos elementos, aprovecha elementos existentes optimizando de esta manera gastos para su ejecuci&#xF3;n.</subfield>
  </datafield>
  <datafield tag="650" ind1=" " ind2=" ">
    <subfield code="a">Aire comprimido</subfield>
    <subfield code="9">28563</subfield>
  </datafield>
  <datafield tag="650" ind1=" " ind2=" ">
    <subfield code="a">Central Hidro&#xE9;lectrica Guatap&#xE9; (Antioquia)</subfield>
    <subfield code="9">145062</subfield>
  </datafield>
  <datafield tag="650" ind1=" " ind2=" ">
    <subfield code="a">Compresores de aire</subfield>
    <subfield code="9">5030</subfield>
  </datafield>
  <datafield tag="700" ind1="1" ind2="0">
    <subfield code="a">Agudelo Fl&#xF3;rez, Sergio Cipriano</subfield>
    <subfield code="4">ths</subfield>
    <subfield code="e">ths</subfield>
    <subfield code="9">333783</subfield>
  </datafield>
  <datafield tag="942" ind1=" " ind2=" ">
    <subfield code="c">TESIS</subfield>
  </datafield>
  <datafield tag="999" ind1=" " ind2=" ">
    <subfield code="c">546396</subfield>
    <subfield code="d">546396</subfield>
  </datafield>
  <datafield tag="502" ind1=" " ind2=" ">
    <subfield code="b">176</subfield>
    <subfield code="c">17</subfield>
  </datafield>
  <datafield tag="526" ind1=" " ind2=" ">
    <subfield code="a">178</subfield>
  </datafield>
  <datafield tag="952" ind1=" " ind2=" ">
    <subfield code="0">0</subfield>
    <subfield code="1">0</subfield>
    <subfield code="4">0</subfield>
    <subfield code="7">0</subfield>
    <subfield code="8">TESDIG</subfield>
    <subfield code="a">CENDI</subfield>
    <subfield code="b">CENDI</subfield>
    <subfield code="d">2010-02-25</subfield>
    <subfield code="e">Material adquirido por donaci&#xF3;n</subfield>
    <subfield code="i">C1080628</subfield>
    <subfield code="l">0</subfield>
    <subfield code="o">PMC 05609</subfield>
    <subfield code="r">2023-04-29 00:00:00</subfield>
    <subfield code="t">1</subfield>
    <subfield code="w">2023-04-29</subfield>
    <subfield code="y">INTER</subfield>
  </datafield>
</record>
